| 000 | 00849cab a22002295a 4500 | ||
|---|---|---|---|
| 001 | L159957 | ||
| 008 | 150113e2016 xxk 000 0 eng d | ||
| 035 | _a(Sirsi) u159957 | ||
| 041 | 0 | _aeng | |
| 050 | _a346.4104346 $2 18 | ||
| 100 | 1 | _aSullivan, Christopher | |
| 245 | 0 | 0 |
_aEar to the ground _h[electronic resource] |
| 260 |
_aLondon _bRICS _c2016 |
||
| 490 |
_aRICS Building Surveying Journal _vDecember 2016 - January 2017, 10(1) |
||
| 520 | _aExamines the grounds on which surveyors will be called in to help contest lease renewals. | ||
| 650 | 2 | 4 | _aLEASE RENEWAL |
| 650 | 2 | 4 |
_aDilapidations _96235 |
| 651 | 4 | _aENGLAND AND WALES | |
| 690 |
_aLandlord and tenant _96252 |
||
| 856 | 4 | 0 |
_uhttps://www.rics.org/Global/Building_Surveying_Journal_December_2016_January_2017.pdf _zView the article free of charge at www.rics.org... |
| 942 | _n0 | ||
| 999 |
_c85080 _d85080 |
||